Southville International School and Colleges
Your cart is empty.
  • Cart
  • Lists
    Public lists Eva Luna New books Lux_list list_1
    Your lists Log in to create your own lists
  • Log in to your account
  • Your cookies
  • Search history
Southville International School and Colleges
  • Advanced search
  • Recent comments
  • Most popular
  • Libraries

Log in to your account

Log in with GOOGLE


If you do not have an external account, but do have a local account, you can still log in:

  1. Home
  2. MARC view: Bailey & Scott's diagnostic microbiology / 
Normal view MARC view ISBD view

Bailey & Scott's diagnostic microbiology /  (Record no. 117618)

[ view plain ]
MARC details
000 -LEADER
fixed length control field 00582nam a2200181Ia 4500
008 - FIXED-LENGTH DATA ELEMENTS--GENERAL INFORMATION
fixed length control field 140529s9999 xx 000 0 und d
020 ## - INTERNATIONAL STANDARD BOOK NUMBER
International Standard Book Number 9780323083300
050 ## - LIBRARY OF CONGRESS CALL NUMBER
Classification number QR 67
Item number .T462 2014
100 ## - MAIN ENTRY--PERSONAL NAME
Personal name Tille, Patricia M.
245 ## - TITLE STATEMENT
Title Bailey & Scott's diagnostic microbiology / 
Statement of responsibility, etc Patricia M. Tille
250 ## - EDITION STATEMENT
Edition statement 13th ed.
260 ## - PUBLICATION, DISTRIBUTION, ETC. (IMPRINT)
Place of publication, distribution, etc St. Louis, Missouri :
Name of publisher, distributor, etc Elsevier,
Date of publication, distribution, etc c2014.
300 ## - PHYSICAL DESCRIPTION
Extent 1037 p. :
Other physical details ill. (chiefly col.) ;
Dimensions 29 cm.
500 ## - GENERAL NOTE
General note Includes glossary and index.
650 ## - SUBJECT ADDED ENTRY--TOPICAL TERM
Topical term or geographic name as entry element Diagnostic techniques and procedures.
942 ## - ADDED ENTRY ELEMENTS (KOHA)
Call number prefix Foreign
Koha item type Books

No items available.

Bailey & Scott's diagnostic microbiology / 

APA

Tille P. M., . (2014). Bailey & Scott's diagnostic microbiology. St. Louis, Missouri: Elsevier.

Chicago

Tille Patricia M, . 2014. Bailey & Scott's diagnostic microbiology. St. Louis, Missouri: Elsevier.

Harvard

Tille P. M., . (2014). Bailey & Scott's diagnostic microbiology. St. Louis, Missouri: Elsevier.

MLA

Tille Patricia M, . Bailey & Scott's diagnostic microbiology. St. Louis, Missouri: Elsevier. 2014.

  • Print
  • Cite
  • Add to your cart (remove)
  • Save record
    BIBTEX Dublin Core MARCXML MARC (non-Unicode/MARC-8) MARC (Unicode/UTF-8) MARC (Unicode/UTF-8, Standard) MODS (XML) RIS
  • More searches
    Search for this title in:
    Other Libraries (WorldCat) Other Databases (Google Scholar) Online Stores (Bookfinder.com) Open Library (openlibrary.org)

Exporting to Dublin Core...

SOUTHVILLE LIBRARY

Southville International School and Colleges Library

1281 Tropical Ave. Cor. Luxembourg St., BF Homes International, Las Pinas City

Tel. No. 8256374 / 252358 Loc. 117/146

Powered by Koha